00502nam a2200157 4500001000700000003000900007007000300016008004100019100002100060245004400081250008100125260006500206300003400271700001800305852002100323148371ES-MaACLt|070214s1910 fr r ||||1| fre d1 aSteffens, Franz.10aPaleographie latine / cFranz Steffens. aedition française d'apres la nouvelle edition allemande bpar Remi Coulan. aTréves (Francia) : b[s. n.], c1910 (fImp. Schaar-Dathe) aXL, 125 facsimiles ; c42 cm.1 aCoulan, Remi. aES-MaACLjB-8102